Statystyki dla Wszystkie piosenki - Kizo

Kliknij tutaj aby rozwiązać quiz!

Ogólne statystyki

  • Ten quiz został rozwiązany 127 razy
    (40 od ostatniego zresetowania)
  • Średni wynik to 28 z 139

Statystyki odpowiedzi

HintOdpowiedź% Poprawnych
Jeszcze 5 minutDisney
86%
PosejdonPosejdon
86%
PatocelebrytaTaxi (feat. Bletka)
86%
PatocelebrytaPatocelebryta
77%
CzempionCzempion (feat. Malik Montana)
73%
Ostatni TaniecLot (feat. Wac Toja)
73%
OrtalionOrtalion
59%
PatocelebrytaDiscopolo
55%
Jeszcze 5 minutNasze Lato (feat. Wac Toja)
55%
PegazPegaz
55%
PosejdonArt
50%
Posejdon (Deluxe)Fitness (feat. Trill Pem)
50%
Jeszcze 5 minutMTS
50%
Ostatni TaniecOstatni Taniec
50%
Jeszcze 5 minutOXA (feat. Pusher)
50%
Jeszcze 5 minutPogo (feat. Oki)
50%
Złoto i BielZłoto i Biel
50%
PosejdonDriftem (feat. Young Igi)
45%
Jeszcze 5 minutForma
45%
Ostatni TaniecHuragan
45%
Ostatni TaniecHuragan - DJ Hazel Remix
45%
Jeszcze 5 minutJeszcze pięć minut (feat. Lubin)
45%
Jeszcze 5 minutKról balu
45%
Troya (z aero.)Troya
45%
Jeszcze 5 minutZdrowie (feat. Janusz Walczuk)
45%
CzempionHeavyweight (feat. Bonus RPK)
41%
Ostatni TaniecJetlag (feat. MASNY BEN)
41%
PosejdonLucky Punch (feat. Wac Toja)
41%
PegazMr Gino (feat. Paris Platynov & Kaz Bałagane)
41%
Ostatni TaniecMyto
41%
PegazIntro
32%
Złoto i BielMiasto 24h
32%
PatocelebrytaMilord (feat. Polski Bandyta)
32%
Ostatni TaniecZielony Szmaragd
32%
PatocelebrytaAvatar (feat. Janusz Walczuk)
27%
Jeszcze 5 minutDobrze
27%
PosejdonFutro (feat. Kabe)
27%
PatocelebrytaHAJ (feat. Kukon)
27%
Ostatni TaniecKizo Mood (feat. Oki)
27%
PatocelebrytaPatryk I Waza
27%
PosejdonPS (feat. Tymek)
27%
Ostatni TaniecTortuga (feat. Borixon)
27%
PosejdonTsunami (feat. Szpaku)
27%
Patocelebryta450 mg
23%
PosejdonEspresso
23%
Posejdon (Deluxe)Gra o Tron (feat. Żabson)
23%
Ostatni TaniecInsomnia
23%
Jeszcze 5 minutMam do tego nosa (feat. Berson)
23%
Ostatni TaniecPopstar
23%
PatocelebrytaPrzeznaczenie
23%
PatocelebrytaŚmigłowiec (feat. Białas)
23%
Jeszcze 5 minutAladin (feat. Kabe)
18%
PegazAperol
18%
PegazBanger King
18%
PatocelebrytaCiasno (feat. Polski Bandyta)
18%
CzempionCichociemni (feat. Reto & Borixon)
18%
Ostatni TaniecKuchnia Polska (feat. Polski Bandyta)
18%
Jeszcze 5 minutOjej (feat. Major SPZ)
18%
Jeszcze 5 minutOjej - Remix (feat. Major SPZ)
18%
PatocelebrytaOstatnie wakacje (feat. Lubin)
18%
Ostatni TaniecTo Jak (feat. Oliwka Brazil)
18%
Złoto i BielToskania (feat. Qry)
18%
Złoto i BielTryb komfort (feat. Major SPZ)
18%
Jeszcze 5 minutZ nadzieją
18%
PegazArtysta Z Blizną (feat. Szpaku & Jano Polska Wersja)
14%
PatocelebrytaCo za tydzień
14%
PatocelebrytaHashtag (skit)
14%
Złoto i BielNam się udało (feat. Joda)
14%
PosejdonPerskie dywany (feat. Kaz Bałagane)
14%
PosejdonPogoda dla bogaczy
14%
PegazPrzyjemniaczki
14%
PatocelebrytaRich Time (feat. Paluch)
14%
PosejdonWembley (feat. Sapi Tha King & Olszakumpel)
14%
Jeszcze 5 minutWrrrum
14%
PegazŻycie Jest Piękne (feat. Tymek)
14%
HEAVYWEIGHT (z Bonus RPK & Jongmen)F16
9%
Posejdon (Deluxe)Ghetto Trap (feat. Jaill)
9%
OrtalionMoonlight (feat. Malik Montana)
9%
Złoto i BielNiebieski Bentley (feat. Taco Hemingway)
9%
PegazOgień (feat. Gedz)
9%
OrtalionParasol (feat. Szpaku & Diox)
9%
Złoto i BielPaulo Notoelo (feat. Sapi Tha King)
9%
HEAVYWEIGHT (z Bonus RPK & Jongmen)Pod Jednym Niebem
9%
Złoto i BielRajaner (feat. Mr. Polska & Tymek)
9%
OrtalionSalon (feat. Szpaku)
9%
PosejdonSkandal (feat. Chivas)
9%
Ostatni TaniecSlow-mo
9%
HEAVYWEIGHT (z Bonus RPK & Jongmen)Sportplus
9%
PosejdonŚwiatła na nas
9%
HEAVYWEIGHT (z Bonus RPK & Jongmen)Sylwester
9%
OrtalionSzacun (feat. TROYA)
9%
PegazTaki Zwyczaj (feat. Wac Toja)
9%
PosejdonZłote plany
9%
OrtalionBiałe buty (feat. Chris Carson)
5%
HEAVYWEIGHT (z Bonus RPK & Jongmen)Bunt (feat. Szpaku)
5%
CzempionEmpik (feat. Białas)
5%
Złoto i BielFchuy
5%
Posejdon (Deluxe)Fvck Enemies
5%
PegazJacuzzi Na 42 (feat. Bonus RPK)
5%
Posejdon (Deluxe)Jedna na milion
5%
Złoto i BielKorytarze
5%
OrtalionNależy się nam
5%
CzempionNazwisko
5%
OrtalionNie chcemy (feat. Bonus RPK)
5%
CzempionNie ma tu łez
5%
CzempionNie rób tego mi (feat. Smolasty)
5%
OrtalionNie wiem (feat. Chris Carson & DR AP)
5%
HEAVYWEIGHT (z Bonus RPK & Jongmen)No Limit
5%
PosejdonRób co musisz (feat. Major SPZ)
5%
CzempionStile di vita
5%
CzempionTańczę
5%
Posejdon (Deluxe)Testosport (feat. aero. & Joda)
5%
PatocelebrytaTo jeden dzień
5%
OrtalionTRAPsterka (feat. Kaz Bałagane)
5%
CzempionTurbo (feat. Brahu)
5%
HEAVYWEIGHT (z Bonus RPK & Jongmen)Wszystko Si (feat. Kabe)
5%
Troya (z aero.)Apetyt (feat. Kobik)
0%
Troya (z aero.)Celownik (feat. Ruby)
0%
Troya (z aero.)Charty
0%
HEAVYWEIGHT (z Bonus RPK & Jongmen)Ciuchy i Auta
0%
OrtalionEnergia
0%
Troya (z aero.)Harmonia (feat. Raskagavi)
0%
CzempionJak nie dziś (feat. aero.)
0%
Troya (z aero.)Jest pięknie
0%
OrtalionJointy i Najki
0%
Troya (z aero.)Karaiby
0%
Troya (z aero.)Miasto Cudów (feat. Starguy)
0%
Troya (z aero.)Młodość
0%
Troya (z aero.)Najlepsza jakość (feat. Raskagavi)
0%
HEAVYWEIGHT (z Bonus RPK & Jongmen)Neon (feat. Rest Dixon37)
0%
Złoto i BielNigdy nuda (feat. Qry)
0%
HEAVYWEIGHT (z Bonus RPK & Jongmen)Perfekt (feat. Białas)
0%
Troya (z aero.)Puzzel (feat. Sztoss)
0%
Troya (z aero.)Siano
0%
OrtalionSiła przyciągania (feat. Sarius)
0%
OrtalionVivat
0%
CzempionWy dwie
0%
Troya (z aero.)Yakuza
0%
OrtalionZa ciosem (feat. Gedz & Frosti)
0%

Rozkład punktacji

Percentyl według liczby udzielonych odpowiedzi

Procent ludzi z każdym wynikiem

Twoja historia wyników

Nie rozwiązałeś tego quizu od ostatniego zresetowania